书目信息 |
| 题名: |
摄影丛刊
|
|
| 作者: | ;上海人民美术出版社 编 | |
| 分册: | 8 | |
| 出版信息: | 上海 上海人民美术出版社 1982 |
|
| 页数: | 94页 | |
| 开本: | 19cm | |
| 丛书名: | ||
| 单 册: | ||
| 中图分类: | TB82 | |
| 科图分类: | ||
| 主题词: | 拍摄 | |
| 电子资源: | ||
| ISBN: | ||
| 000 | 00545nam0 2200193 45 | |
| 001 | 0312221749 | |
| 005 | 20060909162711.93 | |
| 010 | @dCNY0.78 | |
| 091 | @a8081.12662 | |
| 100 | @a20031222d1982 km y0chiy0120 ea | |
| 101 | @achi | |
| 200 | 1 | @a摄影丛刊@Ashe ying cong kan@h8@f上海人民美术出版社编@FShang Hai Ren Min Mei Shu Chu Ban She Bian |
| 210 | @a上海@c上海人民美术出版社@d1982 | |
| 215 | @a94页@d19cm | |
| 606 | 0 | @a拍摄 |
| 690 | @aTB82@v3 | |
| 711 | 0 | @a上海人民美术出版社@4编 |
| 801 | @aCN@bTSTCL@c20060909 | |
| 905 | @a213230@dTB82@e27:8 | |
| 摄影丛刊.8/上海人民美术出版社编.-上海:上海人民美术出版社,1982 |
| 94页;19cm |
| ISBN :CNY0.78 |
| ● |
| 相关链接 |
|
|
|
|
正题名:摄影丛刊
索取号:TB82/27:8
 
预约/预借
| 序号 | 登录号 | 条形码 | 馆藏地/架位号 | 状态 | 备注 |
| 1 | 0072046 | 202334250 | 密集书库/ [索取号:TB82/27:8] | 在馆 | |
| 2 | 0072047 | 202334241 | 密集书库/ [索取号:TB82/27:8] | 在馆 | |
| 3 | 0072048 | 202334090 | 密集书库/ [索取号:TB82/27:8] | 在馆 | |
| 4 | 0470491 | 204704917 | 密集书库/ [索取号:TB82/27:8] | 在馆 | |
| 5 | 0470492 | 204704926 | 密集书库/ [索取号:TB82/27:8] | 在馆 |